[Event "Stay Safe Play From Home 375"]
[Site "Emanuel Lasker Arena"]
[Date "2020.08.11"]
[Round "1"]
[White "Patzeroglu"]
[Black "Timbre"]
[Result "1-0"]
[WhiteElo "1991"]
[BlackElo "1603"]
[PlyCount "117"]
[EventDate "2020.08.11"]
[EventType "swiss (blitz)"]

1. e4 {[%emt 0:00:02]} c6 {[%emt 0:00:10]} 2. d4 {[%emt 0:00:02]} d5 {[%emt 0:00:02]} 3. Nc3 {[%emt 0:00:03]} dxe4 {[%emt 0:00:02]} 4. Nxe4 {[%emt 0:00:02]} Bf5 {[%emt 0:00:00]} 5. Ng3 {[%emt 0:00:02]} Bg6 {[%emt 0:00:01]} 6. Nh3 {[%emt 0:00:08]} e6 {[%emt 0:00:02]} 7. Nf4 {[%emt 0:00:04]} Nf6 {[%emt 0:00:02]} 8. h4 {[%emt 0:00:01] (Lag: Av=1.98s, max=4.6s) Aborted} Bd6 {[%emt 0:00:08] Black restart ok. Black restart ok. Black restart ok. Black restart ok. Black restart ok. White restart ok. White restart ok. White restart ok. White restart ok. White restart ok.} 9. h5 {[%emt 0:00:02]} Bxf4 {[%emt 0:00:03]} 10. Bxf4 {[%emt 0:00:00]} Bf5 {[%emt 0:00:08]} 11. c3 {[%emt 0:00:01]} Qe7 {[%emt 0:00:03]} 12. Be2 {[%emt 0:00:12]} h6 {[%emt 0:00:03]} 13. Nxf5 {[%emt 0:00:05]} exf5 {[%emt 0:00:02]} 14. Qc2 {[%emt 0:00:01]} O-O {[%emt 0:00:11]} 15. O-O-O {[%emt 0:00:02]} Nd5 {[%emt 0:00:03]} 16. Bxb8 {[%emt 0:00:07]} Raxb8 {[%emt 0:00:05]} 17. Bd3 {[%emt 0:00:03]} f4 {[%emt 0:00:10]} 18. Rde1 {[%emt 0:00:04]} Qf6 {[%emt 0:00:02]} 19. Re5 {[%emt 0:00:07]} Rbe8 {[%emt 0:00:04]} 20. Rhe1 {[%emt 0:00:01]} Rxe5 {[%emt 0:00:03]} 21. Rxe5 {[%emt 0:00:00]} f3 {[%emt 0:00:04]} 22. g3 {[%emt 0:00:03]} Qd8 {[%emt 0:00:12]} 23. Be4 {[%emt 0:00:07]} Re8 {[%emt 0:00:03]} 24. Rxe8+ {[%emt 0:00:09]} Qxe8 {[%emt 0:00:02]} 25. Qd3 {[%emt 0:00:02]} Nf6 {[%emt 0:00:08]} 26. Bxf3 {[%emt 0:00:12]} Qe1+ {[%emt 0:00:04]} 27. Kc2 {[%emt 0:00:02]} Qxf2+ {[%emt 0:00:02]} 28. Kb3 {[%emt 0:00:04]} Qxg3 {[%emt 0:00:03]} 29. c4 {[%emt 0:00:02]} Qc7 {[%emt 0:00:08]} 30. d5 {[%emt 0:00:02]} cxd5 {[%emt 0:00:02]} 31. cxd5 {[%emt 0:00:00]} Qb6+ {[%emt 0:00:04]} 32. Kc2 {[%emt 0:00:02]} Qc7+ {[%emt 0:00:02]} 33. Kb1 {[%emt 0:00:02]} Qc5 {[%emt 0:00:08]} 34. d6 {[%emt 0:00:05]} Qg1+ {[%emt 0:00:04]} 35. Kc2 {[%emt 0:00:08]} Qf2+ {[%emt 0:00:05]} 36. Kb3 {[%emt 0:00:03]} Nd7 {[%emt 0:00:05]} 37. Kc3 {[%emt 0:00:28]} Qc5+ {[%emt 0:00:13]} 38. Kd2 {[%emt 0:00:06]} Qf2+ {[%emt 0:00:03]} 39. Kc1 {[%emt 0:00:06]} Qe1+ {[%emt 0:00:05]} 40. Kc2 {[%emt 0:00:02]} Qf2+ {[%emt 0:00:02]} 41. Kd1 {[%emt 0:00:04]} Qg1+ {[%emt 0:00:06]} 42. Ke2 {[%emt 0:00:06]} Qh2+ {[%emt 0:00:03]} 43. Kf1 {[%emt 0:00:01]} Qh3+ {[%emt 0:00:05]} 44. Kf2 {[%emt 0:00:04]} Qh2+ {[%emt 0:00:02]} 45. Ke3 {[%emt 0:00:03]} Qe5+ {[%emt 0:00:06]} 46. Be4 {[%emt 0:00:08]} Qg3+ {[%emt 0:00:03]} 47. Kd4 {[%emt 0:00:02]} Qe5+ {[%emt 0:00:06]} 48. Ke3 {[%emt 0:00:03]} Qg3+ {[%emt 0:00:03]} 49. Kd2 {[%emt 0:00:04]} Qf4+ {[%emt 0:00:02]} 50. Kc2 {[%emt 0:00:03]} Qf2+ {[%emt 0:00:05]} 51. Qd2 {[%emt 0:00:05]} Qc5+ {[%emt 0:00:04]} 52. Kb1 {[%emt 0:00:08]} Qg1+ {[%emt 0:00:02]} 53. Qc1 {[%emt 0:00:02]} Qxc1+ {[%emt 0:00:18]} 54. Kxc1 {[%emt 0:00:00]} f6 {[%emt 0:00:02]} 55. Bf5 {[%emt 0:00:07]} Nb6 {[%emt 0:00:10]} 56. d7 {[%emt 0:00:02]} Nxd7 {[%emt 0:00:05]} 57. Bxd7 {[%emt 0:00:01]} Kf7 {[%emt 0:00:04]} 58. Bf5 {[%emt 0:00:03]} b6 {[%emt 0:00:01]} 59. Kd2 {[%emt 0:00:01] Timbre resigns Timbre resigns Timbre resigns Timbre resigns Timbre resigns (Lag: Av=1.86s, max=6.7s) (Lag: Av=1.86s, max=6.7s) (Lag: Av=1.86s, max=6.7s) (Lag: Av=1.86s, max=6.7s) (Lag: Av=1.86s, max=6.7s)} 1-0

[Event "Stay Safe Play From Home 375"]
[Site "Emanuel Lasker Arena"]
[Date "2020.08.11"]
[Round "1"]
[White "Padmaesh M K"]
[Black "W Nelles"]
[Result "1-0"]
[WhiteElo "1821"]
[BlackElo "1346"]
[Annotator "NA"]
[PlyCount "41"]
[EventDate "2020.08.11"]
[EventType "swiss (blitz)"]

1. e4 {[%emt 0:00:05]} e5 {[%emt 0:00:02]} 2. Nf3 {[%emt 0:00:01]} Nc6 {[%emt 0:00:01]} 3. Bc4 {[%emt 0:00:01]} d6 {[%emt 0:00:01]} 4. c3 {[%emt 0:00:02]} Bg4 {[%emt 0:00:02]} 5. d3 {[%emt 0:00:07]} Nf6 {[%emt 0:00:04]} 6. Nbd2 {[%emt 0:00:14]} a6 {[%emt 0:00:09]} 7. a4 {[%emt 0:00:02]} Be7 {[%emt 0:00:04]} 8. Nf1 {[%emt 0:00:02]} O-O {[%emt 0:00:08]} 9. Ng3 {[%emt 0:00:02]} Nh5 {[%emt 0:00:08]} 10. O-O {[%emt 0:00:11]} Nxg3 {[%emt 0:00:04]} 11. fxg3 {[%emt 0:00:02]} Na5 {[%emt 0:00:08]} 12. Ba2 {[%emt 0:00:03]} b5 {[%emt 0:00:04]} 13. h3 {[%emt 0:00:08]} Bxf3 {[%emt 0:00:05]} 14. Qxf3 {[%emt 0:00:11]} Kh8 {[%emt 0:00:05]} 15. axb5 {[%emt 0:00:18]} axb5 {[%emt 0:00:08]} 16. Bxf7 {[%emt 0:00:04]} c5 {[%emt 0:00:11]} 17. Qh5 {[%emt 0:00:04]} Bf6 {[%emt 0:00:12]} 18. Bg6 {[%emt 0:00:05]} h6 {[%emt 0:00:02]} 19. Bxh6 {[%emt 0:00:03]} Bg5 {[%emt 0:00:06]} 20. Bxg7+ {[%emt 0:00:07]} Kxg7 {[%emt 0:00:10]} 21. Qh7# {[%emt 0:00:00] (Lag: Av=0.69s, max=1.0s) (Lag: Av=0.69s, max=1.0s) (Lag: Av=0.69s, max=1.0s) (Lag: Av=0.69s, max=1.0s) (Lag: Av=0.69s, max=1.0s)} 1-0

[Event "Stay Safe Play From Home 375"]
[Site "Emanuel Lasker Arena"]
[Date "2020.08.11"]
[Round "1"]
[White "Kongle"]
[Black "MihailoVujic"]
[Result "0-1"]
[WhiteElo "1766"]
[BlackElo "2088"]
[PlyCount "100"]
[EventDate "2020.08.11"]
[EventType "swiss (blitz)"]

1. d4 {[%emt 0:00:06]} d5 {[%emt 0:00:01]} 2. c4 {[%emt 0:00:02]} e5 {[%emt 0:00:01]} 3. dxe5 {[%emt 0:00:01]} d4 {[%emt 0:00:01]} 4. a3 {[%emt 0:00:01]} Nc6 {[%emt 0:00:01]} 5. Bf4 {[%emt 0:00:02]} Nge7 {[%emt 0:00:02]} 6. Nf3 {[%emt 0:00:01]} Ng6 {[%emt 0:00:01]} 7. Bg3 {[%emt 0:00:00]} h5 {[%emt 0:00:01]} 8. h3 {[%emt 0:00:04]} h4 {[%emt 0:00:01]} 9. Bh2 {[%emt 0:00:01]} Rh5 {[%emt 0:00:00]} 10. e3 {[%emt 0:00:12]} dxe3 {[%emt 0:00:03]} 11. Qxd8+ {[%emt 0:00:02]} Kxd8 {[%emt 0:00:06]} 12. fxe3 {[%emt 0:00:02]} Ngxe5 {[%emt 0:00:03]} 13. Nxe5 {[%emt 0:00:02]} Nxe5 {[%emt 0:00:03]} 14. Be2 {[%emt 0:00:06]} Rg5 {[%emt 0:00:12]} 15. Bf4 {[%emt 0:00:11]} Rf5 {[%emt 0:00:10]} 16. O-O {[%emt 0:00:18]} Bc5 {[%emt 0:00:11]} 17. b4 {[%emt 0:00:03]} Rxf4 {[%emt 0:00:02]} 18. bxc5 {[%emt 0:00:07]} Rxf1+ {[%emt 0:00:02]} 19. Kxf1 {[%emt 0:00:03]} Be6 {[%emt 0:00:01]} 20. Nc3 {[%emt 0:00:04]} Bxc4 {[%emt 0:00:04]} 21. Rd1+ {[%emt 0:00:03]} Ke8 {[%emt 0:00:08]} 22. Bxc4 {[%emt 0:00:02]} Nxc4 {[%emt 0:00:01]} 23. Nd5 {[%emt 0:00:01]} c6 {[%emt 0:00:37]} 24. Nc7+ {[%emt 0:00:05]} Ke7 {[%emt 0:00:01]} 25. Nxa8 {[%emt 0:00:02]} Nxe3+ {[%emt 0:00:04]} 26. Ke2 {[%emt 0:00:01]} Nxd1 {[%emt 0:00:01]} 27. Kxd1 {[%emt 0:00:01]} Kd7 {[%emt 0:00:01]} 28. Ke2 {[%emt 0:00:12]} Kc8 {[%emt 0:00:02]} 29. Kf3 {[%emt 0:00:01]} Kb8 {[%emt 0:00:01]} 30. Kg4 {[%emt 0:00:01]} Kxa8 {[%emt 0:00:05]} 31. Kxh4 {[%emt 0:00:03]} b6 {[%emt 0:00:03]} 32. Kg5 {[%emt 0:00:10]} bxc5 {[%emt 0:00:04]} 33. Kf5 {[%emt 0:00:05]} Kb7 {[%emt 0:00:05]} 34. g4 {[%emt 0:00:02]} Kb6 {[%emt 0:00:10]} 35. g5 {[%emt 0:00:02]} c4 {[%emt 0:00:10]} 36. Ke4 {[%emt 0:00:04]} Kc5 {[%emt 0:00:12]} 37. h4 {[%emt 0:00:01]} g6 {[%emt 0:00:01]} 38. Ke3 {[%emt 0:00:08]} Kd5 {[%emt 0:00:02]} 39. Kd2 {[%emt 0:00:01]} Kd4 {[%emt 0:00:01]} 40. Kc2 {[%emt 0:00:02]} c3 {[%emt 0:00:02]} 41. a4 {[%emt 0:00:04]} a5 {[%emt 0:00:03]} 42. Kc1 {[%emt 0:00:04]} Kd3 {[%emt 0:00:01]} 43. Kd1 {[%emt 0:00:01]} c2+ {[%emt 0:00:03]} 44. Kc1 {[%emt 0:00:01]} c5 {[%emt 0:00:02]} 45. h5 {[%emt 0:00:04]} gxh5 {[%emt 0:00:02]} 46. g6 {[%emt 0:00:03]} fxg6 {[%emt 0:00:02]} 47. Kb2 {[%emt 0:00:02]} Kd2 {[%emt 0:00:03]} 48. Ka2 {[%emt 0:00:04]} c1=Q {[%emt 0:00:02]} 49. Kb3 {[%emt 0:00:01]} Qc3+ {[%emt 0:00:02]} 50. Ka2 {[%emt 0:00:03]} Qb4 {[%emt 0:00:00] Kongle resigns Kongle resigns Kongle resigns Kongle resigns Kongle resigns (Lag: Av=0.96s, max=1.7s) (Lag: Av=0.96s, max=1.7s) (Lag: Av=0.96s, max=1.7s) (Lag: Av=0.96s, max=1.7s) (Lag: Av=0.96s, max=1.7s)} 0-1

[Event "Stay Safe Play From Home 375"]
[Site "Emanuel Lasker Arena"]
[Date "2020.08.11"]
[Round "1"]
[White "Klasman"]
[Black "Haris kollari 13"]
[Result "0-1"]
[WhiteElo "1561"]
[BlackElo "1963"]
[Annotator "NA"]
[PlyCount "84"]
[EventDate "2020.08.11"]
[EventType "swiss (blitz)"]

1. f4 {[%emt 0:00:21]} b6 {[%emt 0:00:06]} 2. e4 {[%emt 0:00:02]} Bb7 {[%emt 0:00:01]} 3. Nc3 {[%emt 0:00:01]} e6 {[%emt 0:00:10]} 4. d4 {[%emt 0:00:01]} f5 {[%emt 0:00:05]} 5. exf5 {[%emt 0:00:09]} exf5 {[%emt 0:00:07]} 6. Nf3 {[%emt 0:00:01]} Nf6 {[%emt 0:00:03]} 7. Bd3 {[%emt 0:00:08]} g6 {[%emt 0:00:03]} 8. O-O {[%emt 0:00:08]} Be7 {[%emt 0:00:01]} 9. Bc4 {[%emt 0:00:02]} d5 {[%emt 0:00:08]} 10. Bb3 {[%emt 0:00:14]} O-O {[%emt 0:00:02]} 11. Ng5 {[%emt 0:00:04]} Bc8 {[%emt 0:00:03]} 12. Qf3 {[%emt 0:00:05]} c6 {[%emt 0:00:02]} 13. Re1 {[%emt 0:00:12]} Kg7 {[%emt 0:00:04]} 14. Bd2 {[%emt 0:00:04]} Ne4 {[%emt 0:00:01]} 15. Be3 {[%emt 0:00:21]} h6 {[%emt 0:00:06]} 16. Ngxe4 {[%emt 0:00:05]} fxe4 {[%emt 0:00:01]} 17. Qg3 {[%emt 0:00:04]} Bd6 {[%emt 0:00:05]} 18. Rf1 {[%emt 0:00:09]} Bf5 {[%emt 0:00:02]} 19. h4 {[%emt 0:00:04]} h5 {[%emt 0:00:03]} 20. Qg5 {[%emt 0:00:10]} Be7 {[%emt 0:00:02]} 21. Qg3 {[%emt 0:00:03]} Bxh4 {[%emt 0:00:01]} 22. Qh2 {[%emt 0:00:07]} Bf6 {[%emt 0:00:01]} 23. Kf2 {[%emt 0:00:04]} Nd7 {[%emt 0:00:01]} 24. Ke2 {[%emt 0:00:02]} a5 {[%emt 0:00:01]} 25. a3 {[%emt 0:00:03]} b5 {[%emt 0:00:03]} 26. Rg1 {[%emt 0:00:05]} Qb6 {[%emt 0:00:02]} 27. Kd2 {[%emt 0:00:03]} Bxd4 {[%emt 0:00:02]} 28. Bxd4+ {[%emt 0:00:07]} Qxd4+ {[%emt 0:00:01]} 29. Kc1 {[%emt 0:00:01]} b4 {[%emt 0:00:07]} 30. Ne2 {[%emt 0:00:05]} Qe3+ {[%emt 0:00:02]} 31. Kd1 {[%emt 0:00:02]} a4 {[%emt 0:00:05]} 32. Ba2 {[%emt 0:00:10]} Bg4 {[%emt 0:00:03]} 33. g3 {[%emt 0:00:08]} bxa3 {[%emt 0:00:05]} 34. bxa3 {[%emt 0:00:02]} Qxa3 {[%emt 0:00:04]} 35. Qf2 {[%emt 0:00:03]} Qb2 {[%emt 0:00:06]} 36. Kd2 {[%emt 0:00:06]} Qb4+ {[%emt 0:00:07]} 37. Kc1 {[%emt 0:00:11]} Qa3+ {[%emt 0:00:02]} 38. Kd2 {[%emt 0:00:02]} Rae8 {[%emt 0:00:06]} 39. Qd4+ {[%emt 0:00:02]} Rf6 {[%emt 0:00:07]} 40. Nc3 {[%emt 0:00:03]} e3+ {[%emt 0:00:07]} 41. Ke1 {[%emt 0:00:05]} Qc5 {[%emt 0:00:08]} 42. Qxc5 {[%emt 0:00:06]} Nxc5 {[%emt 0:00:01] Klasman resigns Klasman resigns Klasman resigns Klasman resigns Klasman resigns (Lag: Av=0.50s, max=0.8s) (Lag: Av=0.50s, max=0.8s) (Lag: Av=0.50s, max=0.8s) (Lag: Av=0.50s, max=0.8s) (Lag: Av=0.50s, max=0.8s)} 0-1

[Event "Stay Safe Play From Home 375"]
[Site "Emanuel Lasker Arena"]
[Date "2020.08.11"]
[Round "2"]
[White "MihailoVujic"]
[Black "Patzeroglu"]
[Result "1-0"]
[WhiteElo "2093"]
[BlackElo "1995"]
[PlyCount "89"]
[EventDate "2020.08.11"]
[EventType "swiss (blitz)"]

1. e4 {[%emt 0:00:01]} c5 {[%emt 0:00:02]} 2. c3 {[%emt 0:00:03]} Nf6 {[%emt 0:00:01]} 3. e5 {[%emt 0:00:01]} Nd5 {[%emt 0:00:00]} 4. d4 {[%emt 0:00:01]} cxd4 {[%emt 0:00:00]} 5. Nf3 {[%emt 0:00:01]} Nc6 {[%emt 0:00:02]} 6. Bc4 {[%emt 0:00:02]} e6 {[%emt 0:00:32]} 7. cxd4 {[%emt 0:00:02]} d6 {[%emt 0:00:02]} 8. O-O {[%emt 0:00:00]} Be7 {[%emt 0:00:02]} 9. Qe2 {[%emt 0:00:02]} O-O {[%emt 0:00:02]} 10. Bd2 {[%emt 0:00:00]} Qe8 {[%emt 0:00:03]} 11. Nc3 {[%emt 0:00:01]} Nxc3 {[%emt 0:00:11]} 12. Bxc3 {[%emt 0:00:00]} d5 {[%emt 0:00:03]} 13. Bd3 {[%emt 0:00:02]} f5 {[%emt 0:00:01]} 14. exf6 {[%emt 0:00:03]} Bxf6 {[%emt 0:00:01]} 15. Rad1 {[%emt 0:00:04]} Qh5 {[%emt 0:00:13]} 16. Rfe1 {[%emt 0:00:04]} Bd7 {[%emt 0:00:01]} 17. Bb1 {[%emt 0:00:18]} Rae8 {[%emt 0:00:05]} 18. Qd3 {[%emt 0:00:03]} a6 {[%emt 0:00:14]} 19. Ne5 {[%emt 0:00:02]} Bxe5 {[%emt 0:00:04]} 20. dxe5 {[%emt 0:00:00]} b5 {[%emt 0:00:10]} 21. Re3 {[%emt 0:00:22]} b4 {[%emt 0:00:23]} 22. Rh3 {[%emt 0:00:19]} Qf5 {[%emt 0:00:03]} 23. Qe3 {[%emt 0:00:06]} bxc3 {[%emt 0:00:19]} 24. Bxf5 {[%emt 0:00:02]} Rxf5 {[%emt 0:00:02]} 25. bxc3 {[%emt 0:00:08]} Nxe5 {[%emt 0:00:09]} 26. Qb6 {[%emt 0:00:14]} Ref8 {[%emt 0:00:11]} 27. f3 {[%emt 0:00:31]} Bc8 {[%emt 0:00:04]} 28. Qc7 {[%emt 0:00:09]} Nc4 {[%emt 0:00:08]} 29. Re1 {[%emt 0:00:13]} R5f7 {[%emt 0:00:01]} 30. Qc5 {[%emt 0:00:03]} Rd8 {[%emt 0:00:08]} 31. Rg3 {[%emt 0:00:03]} e5 {[%emt 0:00:03]} 32. Rd1 {[%emt 0:00:10]} Rfd7 {[%emt 0:00:04]} 33. Qc6 {[%emt 0:00:09]} Rd6 {[%emt 0:00:04]} 34. Qc7 {[%emt 0:00:05]} R6d7 {[%emt 0:00:02]} 35. Qc5 {[%emt 0:00:06]} Bb7 {[%emt 0:00:13]} 36. h4 {[%emt 0:00:13]} Rc8 {[%emt 0:00:01]} 37. Qb4 {[%emt 0:00:01]} Ne3 {[%emt 0:00:04]} 38. Rb1 {[%emt 0:00:07]} Nf5 {[%emt 0:00:03]} 39. Rg5 {[%emt 0:00:02]} g6 {[%emt 0:00:10]} 40. h5 {[%emt 0:00:02]} Kg7 {[%emt 0:00:02]} 41. hxg6 {[%emt 0:00:02]} hxg6 {[%emt 0:00:00]} 42. Qg4 {[%emt 0:00:03]} Ne7 {[%emt 0:00:13]} 43. Qxd7 {[%emt 0:00:02]} Rxc3 {[%emt 0:00:01]} 44. Qxe7+ {[%emt 0:00:03]} Kh6 {[%emt 0:00:00] Patzeroglu resigns Patzeroglu resigns Patzeroglu resigns Patzeroglu resigns Patzeroglu resigns} 45. Rxb7 {[%emt 0:00:03] (Lag: Av=1.64s, max=10.0s) (Lag: Av=1.64s, max=10.0s) (Lag: Av=1.64s, max=10.0s) (Lag: Av=1.64s, max=10.0s) (Lag: Av=1.64s, max=10.0s)} 1-0

[Event "Stay Safe Play From Home 375"]
[Site "Emanuel Lasker Arena"]
[Date "2020.08.11"]
[Round "2"]
[White "Lazieri3"]
[Black "Padmaesh M K"]
[Result "1-0"]
[WhiteElo "2021"]
[BlackElo "1823"]
[PlyCount "76"]
[EventDate "2020.08.11"]
[EventType "swiss (blitz)"]

1. e4 {[%emt 0:00:01]} c5 {[%emt 0:00:02]} 2. Nc3 {[%emt 0:00:00]} e5 {[%emt 0:00:03]} 3. Nf3 {[%emt 0:00:02]} d6 {[%emt 0:00:02]} 4. Bc4 {[%emt 0:00:01]} Nc6 {[%emt 0:00:02]} 5. h3 {[%emt 0:00:01]} Be7 {[%emt 0:00:02]} 6. Nd5 {[%emt 0:00:01]} Nf6 {[%emt 0:00:04]} 7. d3 {[%emt 0:00:02]} O-O {[%emt 0:00:02]} 8. a3 {[%emt 0:00:01]} Nxd5 {[%emt 0:00:05]} 9. Bxd5 {[%emt 0:00:01]} Be6 {[%emt 0:00:03]} 10. Bc4 {[%emt 0:00:11]} Bxc4 {[%emt 0:00:05]} 11. dxc4 {[%emt 0:00:00]} Nd4 {[%emt 0:00:02]} 12. c3 {[%emt 0:00:08]} Ne6 {[%emt 0:00:08]} 13. Be3 {[%emt 0:00:03]} Ng5 {[%emt 0:00:04]} 14. Nxg5 {[%emt 0:00:21]} Bxg5 {[%emt 0:00:02]} 15. Bxg5 {[%emt 0:00:03]} Qxg5 {[%emt 0:00:00]} 16. O-O {[%emt 0:00:01]} Rad8 {[%emt 0:00:05]} 17. b4 {[%emt 0:00:08]} f5 {[%emt 0:00:04]} 18. exf5 {[%emt 0:00:14]} Rxf5 {[%emt 0:00:07]} 19. Qd5+ {[%emt 0:00:02]} Kh8 {[%emt 0:00:02]} 20. Qxb7 {[%emt 0:00:01]} e4 {[%emt 0:00:25]} 21. Qxe4 {[%emt 0:00:08]} Rf4 {[%emt 0:00:04]} 22. Qd3 {[%emt 0:00:04]} Rdf8 {[%emt 0:00:05]} 23. Qxd6 {[%emt 0:00:06]} cxb4 {[%emt 0:00:03]} 24. axb4 {[%emt 0:00:10]} R4f6 {[%emt 0:00:10]} 25. Qd5 {[%emt 0:00:07]} Rf5 {[%emt 0:00:04]} 26. Qd4 {[%emt 0:00:14]} Rf4 {[%emt 0:00:17]} 27. Qd6 {[%emt 0:00:19]} R4f6 {[%emt 0:00:07]} 28. Qg3 {[%emt 0:00:01]} Qd2 {[%emt 0:00:12]} 29. Rxa7 {[%emt 0:00:04]} Rg6 {[%emt 0:00:02]} 30. Qe3 {[%emt 0:00:07]} Qc2 {[%emt 0:00:08]} 31. c5 {[%emt 0:00:08]} Qf5 {[%emt 0:00:14]} 32. Rfa1 {[%emt 0:00:10]} Qc8 {[%emt 0:00:13]} 33. Ra8 {[%emt 0:00:05]} Qxa8 {[%emt 0:00:02]} 34. Rxa8 {[%emt 0:00:00]} Rxa8 {[%emt 0:00:01]} 35. b5 {[%emt 0:00:01]} h6 {[%emt 0:00:13]} 36. c6 {[%emt 0:00:02]} Rb8 {[%emt 0:00:02]} 37. c7 {[%emt 0:00:13]} Rc8 {[%emt 0:00:01]} 38. b6 {[%emt 0:00:01]} Rc6 {[%emt 0:00:02] Padmaesh M K resigns Padmaesh M K resigns Padmaesh M K resigns Padmaesh M K resigns Padmaesh M K resigns (Lag: Av=0.59s, max=1.2s) (Lag: Av=0.59s, max=1.2s) (Lag: Av=0.59s, max=1.2s) (Lag: Av=0.59s, max=1.2s) (Lag: Av=0.59s, max=1.2s)} 1-0

[Event "Stay Safe Play From Home 375"]
[Site "Emanuel Lasker Arena"]
[Date "2020.08.11"]
[Round "2"]
[White "Dukic"]
[Black "Klasman"]
[Result "1-0"]
[WhiteElo "1969"]
[BlackElo "1558"]
[PlyCount "55"]
[EventDate "2020.08.11"]
[EventType "swiss (blitz)"]

1. c4 {[%emt 0:00:03]} f5 {[%emt 0:00:03]} 2. Nc3 {[%emt 0:00:01]} Nf6 {[%emt 0:00:26]} 3. Nf3 {[%emt 0:00:01]} c5 {[%emt 0:00:03]} 4. d4 {[%emt 0:00:01]} cxd4 {[%emt 0:00:01]} 5. Nxd4 {[%emt 0:00:01]} Nc6 {[%emt 0:00:01]} 6. Nxf5 {[%emt 0:00:13]} d5 {[%emt 0:00:02]} 7. Ng3 {[%emt 0:00:06]} d4 {[%emt 0:00:06]} 8. Nce4 {[%emt 0:00:05]} e5 {[%emt 0:00:04]} 9. a3 {[%emt 0:00:03]} Qa5+ {[%emt 0:00:06]} 10. Bd2 {[%emt 0:00:02]} Qb6 {[%emt 0:00:02]} 11. b4 {[%emt 0:00:06]} Be7 {[%emt 0:00:13]} 12. c5 {[%emt 0:00:08]} Qc7 {[%emt 0:00:10]} 13. Qb3 {[%emt 0:00:09]} b6 {[%emt 0:00:33]} 14. Ng5 {[%emt 0:00:19]} Rf8 {[%emt 0:00:15]} 15. cxb6 {[%emt 0:00:17]} axb6 {[%emt 0:00:13]} 16. Rc1 {[%emt 0:00:01]} Qd6 {[%emt 0:00:10]} 17. N3e4 {[%emt 0:00:16]} Nxe4 {[%emt 0:00:25]} 18. Nxe4 {[%emt 0:00:02]} Qg6 {[%emt 0:00:08]} 19. Ng3 {[%emt 0:00:54]} Be6 {[%emt 0:00:11]} 20. Qb2 {[%emt 0:00:24]} Nd8 {[%emt 0:00:04]} 21. e3 {[%emt 0:00:02]} Qf6 {[%emt 0:00:06]} 22. Bb5+ {[%emt 0:00:03]} Kf7 {[%emt 0:00:04]} 23. O-O {[%emt 0:00:01]} Bd5 {[%emt 0:00:07]} 24. exd4 {[%emt 0:00:02]} exd4 {[%emt 0:00:09]} 25. Rc7 {[%emt 0:00:06]} Kg8 {[%emt 0:00:05]} 26. Rd7 {[%emt 0:00:13]} Bd6 {[%emt 0:00:03]} 27. f4 {[%emt 0:00:09]} g6 {[%emt 0:00:04]} 28. Qc2 {[%emt 0:00:04] Time Time Time Time Time (Lag: Av=0.44s, max=1.0s) (Lag: Av=0.44s, max=1.0s) (Lag: Av=0.44s, max=1.0s) (Lag: Av=0.44s, max=1.0s) (Lag: Av=0.44s, max=1.0s)} 1-0